A NATO különleges helyzete az Oroszországgal határos tagállamokban

Saved in:  
Bibliographic Details
Main Author: Paroda, Zsolt (Author)
Format: Print Article
Language:Hungarian
Check availability: HBZ Gateway
Interlibrary Loan:Interlibrary Loan for the Fachinformationsdienste (Specialized Information Services in Germany)
Published: 2024
In: Theologiai szemle
Year: 2024, Volume: 67, Issue: 2, Pages: 96-101
Parallel Edition:Non-electronic

MARC

LEADER 00000naa a22000002c 4500
001 196756213X
003 DE-627
005 20260327160631.0
007 tu
008 260327s2024 xx ||||| 00| ||hun c
035 |a (DE-627)196756213X 
035 |a (DE-599)BVBBV049923741 
035 |a (DE-604)BV049923741 
040 |a DE-627  |b ger  |c DE-627  |e rda 
041 |a hun 
084 |a 1  |2 ssgn 
100 1 |a Paroda, Zsolt  |e VerfasserIn  |4 aut 
245 1 2 |a A NATO különleges helyzete az Oroszországgal határos tagállamokban  |c Paroda Zsolt 
264 1 |c 2024 
336 |a Text  |b txt  |2 rdacontent 
337 |a ohne Hilfsmittel zu benutzen  |b n  |2 rdamedia 
338 |a Band  |b nc  |2 rdacarrier 
546 |a Zusammenfassung englisch 
773 0 8 |i Enthalten in  |t Theologiai szemle  |d Budapest : Kálvin, 1925  |g 67(2024), 2, Seite 96-101  |w (DE-627)12988913X  |w (DE-600)301973-1  |w (DE-576)015193683  |x 0133-7599  |7 nnas 
773 1 8 |g volume:67  |g year:2024  |g number:2  |g pages:96-101 
776 |i Erscheint auch als  |n Druckausgabe  |w (DE-627)1967561494  |k Non-Electronic 
935 |a mteo 
951 |a AR 
ELC |b 1 
ITA |a 1  |t 1 
LOK |0 000 xxxxxcx a22 zn 4500 
LOK |0 001 4943857094 
LOK |0 003 DE-627 
LOK |0 004 196756213X 
LOK |0 005 20260330121028 
LOK |0 008 260327||||||||||||||||ger||||||| 
LOK |0 035   |a (DE-Tue135)BVBBV049923741 
LOK |0 040   |a DE-Tue135  |c DE-627  |d DE-Tue135 
LOK |0 092   |o n 
LOK |0 852   |a DE-Tue135 
LOK |0 852 1  |9 00 
LOK |0 935   |a bvba 
LOK |0 939   |a 2026-03-27  |b l01 
ORI |a TA-MARC-ixtheoa001.raw